000 00515nam a2200193Ia 4500
003 OSt
005 20250311143525.0
008 210210b1986 xxu||||| |||| 00| 0 eng d
040 _cAL
041 _aKannada
082 _aK894.3 SHAM
100 _aSHANTINATHA DESAYI.
_9138817
_dಶಾಂತಿನಾಥ ದೇಸಾಯಿ
245 _aMukti.
_bಮುಕ್ತಿ
260 _aBengaluru
_bBapko Prakashana
_c1986
300 _aiv,234
690 _aKannada Fiction
_9138818
906 _a038225
942 _2ddc
_cBK
999 _c88353
_d88353